书目信息 |
| 题名: |
发酵分析检验技术
|
|
| 作者: | 姜淑荣 主编 | |
| 分册: | ||
| 出版信息: | 北京 化学工业出版社 2008.1 |
|
| 页数: | 202页 | |
| 开本: | 26cm | |
| 丛书名: | ||
| 单 册: | ||
| 中图分类: | TQ92 | |
| 科图分类: | ||
| 主题词: | 发酵--分析 , 发酵--检验 , 发酵 | |
| 电子资源: | ||
| ISBN: | 978-7-122-01796-3 | |
| 000 | 00792nam0 2200253 45 | |
| 001 | 1360576577 | |
| 005 | 20130530160713.57 | |
| 010 | @a978-7-122-01796-3@dCNY22.00 | |
| 100 | @a20130513d2008 em y0chiy0110 ea | |
| 101 | 0 | @achi |
| 102 | @aCN@b110000 | |
| 105 | @ay z 000yy | |
| 106 | @ar | |
| 200 | 1 | @a发酵分析检验技术@AFa Jiao Fen Xi Jian Yan Ji Shu@f姜淑荣主编@FJiang Shu Rong Zhu Bian |
| 210 | @a北京@c化学工业出版社@d2008.1 | |
| 215 | @a202页@d26cm | |
| 330 | @a本书较全面地阐述了啤酒、白酒及果酒企业生产中原料、半成品及成品所涉及的常规检测项目、检测原理以及检测方法。 | |
| 606 | 0 | @a发酵@x分析 |
| 606 | 0 | @a发酵@x检验 |
| 606 | 0 | @a发酵 |
| 690 | @aTQ92@v5 | |
| 701 | 0 | @a姜淑荣@AJiang Shu Rong@4主编 |
| 801 | @aCN@bTANGWEI@c20130523 | |
| 905 | @b0835698-701@dTQ92@e34@f4 | |
| 发酵分析检验技术/姜淑荣主编.-北京:化学工业出版社,2008.1 |
| 202页;26cm |
| ISBN 978-7-122-01796-3:CNY22.00 |
| 本书较全面地阐述了啤酒、白酒及果酒企业生产中原料、半成品及成品所涉及的常规检测项目、检测原理以及检测方法。 |
| ● |
| 相关链接 |
|
|
|
|
正题名:发酵分析检验技术
索取号:TQ92/34
 
预约/预借
| 序号 | 登录号 | 条形码 | 馆藏地/架位号 | 状态 | 备注 |
| 1 | 0835698 | 208356982 | 第二样本阅览室/ [索取号:TQ92/34] | 在馆 | |
| 2 | 0835699 | 208356991 | 密集书库-化学系/ [索取号:TQ92/34] | 在馆 | |
| 3 | 0835700 | 208357008 | 第三借阅区/ [索取号:TQ92/34] | 在馆 | |
| 4 | 0835701 | 208357017 | 第三借阅区/ [索取号:TQ92/34] | 在馆 |